000 00718nam a22002297a 4500
003 UA-OsUOA
001 86316
007 ta
008 20120830b un ||||| |||| 00| 0 ukr d
100 _aЖуков В. П.
090 _a81'374.2-161.1
_bЖ86
942 _cBK
040 _aUA-OsUOA
_brus
_cUA-OsUOA
_dUA-OsUOA
245 _aСемантика фразеологических оборотов
_bУчебное пособие
300 _a158 с.
955 _a2
041 _arus
080 _a81'374.2-161.1
260 _aМ.
_bПросвещение
_c1978
650 7 _a8 Мовознавство. Художня література. Літературознавство
_2UDC
999 _c320760
_d320760